000
00241nam a2200097Ia 4500
008
190216s9999||||xx |||||||||||||| ||und||
100
_a
Dr.Unni P N
245
0
_a
Shashthrakriyayude Charithram
260
_b
Kerala Bhasha Institute
942
_c
BK
999
_c
37552
_d
37552